[Event "Tournoi francophone 003 Groupe C"]
[Site "Skype"]
[Date "????.??.??"]
[Round "7.4"]
[White "Rodriguez, Nathalie"]
[Black "Hargez, Dany"]
[Result "1-0"]
[WhiteElo "1385"]
[BlackElo "1384"]
[PlyCount "107"]

1. d4 d5 2. Nc3 Nf6 3. h3 Bf5 4. Bf4 e6 5. Nb5 Bd6 6. Nxd6+ cxd6 7. e3 O-O 8.
Bd3 Be4 9. f3 Bxd3 10. Qxd3 Nc6 11. a3 e5 12. Bg3 exd4 13. Ne2 dxe3 14. O-O Re8
15. Nf4 d4 16. Rfe1 Re7 17. c3 dxc3 18. bxc3 d5 19. Rxe3 Rxe3 20. Qxe3 Qd7 21.
Rd1 Re8 22. Qd3 Rd8 23. Ne2 a6 24. Nd4 Ne8 25. Nb3 d4 26. Bf2 Ne5 27. Qxd4
Nxf3+ 28. gxf3 Qxd4 29. cxd4 b6 30. d5 Rd6 31. Nd4 Rxd5 32. Re1 Nf6 33. Nc6 Rd3
34. Ne7+ Kh8 35. Bxb6 Rxf3 36. Rc1 h6 37. Rc8+ Kh7 38. Bd4 Nh5 39. Rg8 Rxh3 40.
Rd8 Rxa3 41. Rd5 Rg3+ 42. Kf2 Rg5 43. Nf5 g6 44. Rd7 gxf5 45. Rxf7+ Ng7 46. Be3
Kg6 47. Ra7 h5 48. Rxa6+ Ne6 49. Rxe6+ Kf7 50. Rb6 Rg6 51. Rb7+ Kg8 52. Rb8+
Kh7 53. Bd4 h4 54. Rh8# 1-0

[Event "Tournoi francophone 003 Groupe C"]
[Site "Skype"]
[Date "????.??.??"]
[Round "7.5"]
[White "L'Herbon De Lussats, Jean"]
[Black "Dubois, Real"]
[Result "0-1"]
[WhiteElo "1374"]
[BlackElo "1409"]
[PlyCount "94"]

1. c4 e6 2. Nf3 d5 3. cxd5 exd5 4. d4 Bb4+ 5. Bd2 Bxd2+ 6. Qxd2 Ne7 7. Nc3 c6
8. e4 dxe4 9. Nxe4 Nd5 10. Bc4 Be6 11. b3 Nd7 12. O-O O-O 13. Bd3 g6 14. Neg5
Qf6 15. Rae1 Rae8 16. Re2 Bg4 17. Be4 Bxf3 18. Nxf3 Qd6 19. Qh6 N7f6 20. Rfe1
Nc3 21. Re3 Ncxe4 22. Ng5 Nxg5 23. Qxg5 Rxe3 24. fxe3 Ne4 25. Qg4 Re8 26. Qf3
Qf6 27. Qe2 Nc3 28. Qc2 Ne4 29. Rf1 Qe6 30. Rf4 Nd6 31. Rf3 Nb5 32. a4 Nd6 33.
Kf2 Ne4+ 34. Ke2 Ng5 35. Rg3 h6 36. Qd3 Qe4 37. Qc4 Qb1 38. h4 Qb2+ 39. Kf1 Ne4
40. Rf3 Nd2+ 41. Ke1 Nxc4 42. bxc4 Qc1+ 43. Kf2 Qxc4 44. Rg3 Qc2+ 45. Kf3 Qd1+
46. Kf4 Qf1+ 47. Kg4 Qf5# 0-1

[Event "Tournoi francophone 003 Groupe C"]
[Site "Skype"]
[Date "????.??.??"]
[Round "8.1"]
[White "Talbot, Jacques"]
[Black "Dubois, Real"]
[Result "1/2-1/2"]
[WhiteElo "1525"]
[BlackElo "1409"]
[PlyCount "94"]

1. e4 d6 2. d4 g6 3. Nf3 Bg7 4. Be3 Nf6 5. Nc3 c6 6. h3 Qb6 7. Qc1 Be6 8. d5
cxd5 9. Bxb6 dxe4 10. Nd4 axb6 11. Nxe6 fxe6 12. Nb5 Na6 13. Bc4 Kf7 14. Nd4
Nc7 15. O-O Nfd5 16. Bxd5 Nxd5 17. Re1 Bxd4 18. Rxe4 Be5 19. c4 Nf6 20. Re2
Rhc8 21. Rc2 Rc6 22. Qd2 Rac8 23. Rac1 Nd7 24. b4 Bf6 25. a4 Ne5 26. c5 bxc5
27. bxc5 d5 28. f4 Nd7 29. Qb4 R8c7 30. a5 Nb8 31. Kf1 Na6 32. Qa3 Kg7 33. g4
Bd4 34. g5 Nxc5 35. Qg3 Ne4 36. Qh4 Rxc2 37. Qh6+ Kg8 38. Rxc2 Rxc2 39. h4 Ng3+
40. Ke1 Bc3+ 41. Kd1 Rd2+ 42. Kc1 Ne2+ 43. Kb1 Rb2+ 44. Ka1 Rd2+ 45. Kb1 Rb2+
46. Ka1 Rd2+ 47. Kb1 Rb2+ 1/2-1/2

[Event "Tournoi francophone 003 Groupe C"]
[Site "Skype"]
[Date "????.??.??"]
[Round "8.2"]
[White "Hargez, Dany"]
[Black "L'Herbon De Lussats, Jean"]
[Result "1-0"]
[WhiteElo "1384"]
[BlackElo "1374"]
[PlyCount "91"]

1. e4 c5 2. Nf3 Nc6 3. Bc4 e5 4. Bd5 Nf6 5. d3 d6 6. Bg5 Be7 7. Bxc6+ bxc6 8.
Nc3 O-O 9. Qd2 Qc7 10. h3 d5 11. Bxf6 Bxf6 12. exd5 e4 13. dxe4 Bxc3 14. Qxc3
cxd5 15. e5 Bb7 16. O-O Rac8 17. Qe3 Rfe8 18. Rfe1 d4 19. Qf4 Re6 20. Ng5 Rg6
21. Nf3 f6 22. Nh4 Rh6 23. Nf5 Rg6 24. c3 Rxg2+ 25. Kf1 d3 26. Qc4+ Kf8 27.
Qxd3 Rg5 28. Nd6 Rd8 29. Qxh7 Rxe5 30. Qh8+ Ke7 31. Qxg7+ Kxd6 32. Qxf6+ Kd5
33. Qf3+ Ke6 34. Qg4+ Kd6 35. Rad1+ Kc6 36. Qa4+ Kb6 37. Rxe5 Rxd1+ 38. Re1
Ba6+ 39. c4 Rd4 40. Qb3+ Kc6 41. Re6+ Kd7 42. Rxa6 Rf4 43. Qa4+ Kd8 44. Rxa7
Qc6 45. Qxc6 Rxc4 46. Qd7# 1-0

[Event "Tournoi francophone 003 Groupe C"]
[Site "Skype"]
[Date "????.??.??"]
[Round "8.4"]
[White "Bousbia, Amine"]
[Black "Coruble, Didier"]
[Result "1/2-1/2"]
[WhiteElo "1513"]
[BlackElo "1505"]
[PlyCount "104"]

1. d4 c6 2. Bf4 d6 3. c4 Bf5 4. Nc3 Nf6 5. g3 h6 6. Bg2 g5 7. Bd2 Bg7 8. e4 Bg4
9. Nge2 Na6 10. e5 dxe5 11. dxe5 Nd7 12. Be3 Nxe5 13. Qxd8+ Rxd8 14. Bd4 Nd3+
15. Kf1 Bxe2+ 16. Nxe2 Bxd4 17. Nxd4 Rxd4 18. Rd1 O-O 19. a3 c5 20. Ke2 Nxb2
21. Rxd4 cxd4 22. Rb1 Nxc4 23. Rxb7 Nxa3 24. Rxa7 d3+ 25. Kxd3 Nc5+ 26. Ke2 Nb5
27. Rxe7 Nd4+ 28. Kf1 Rb8 29. Bd5 Nde6 30. Kg2 g4 31. h3 h5 32. h4 Kf8 33. Ra7
Rb2 34. Bxe6 fxe6 35. Rh7 Nd3 36. Rxh5 Rxf2+ 37. Kg1 Rf5 38. Rh7 e5 39. Ra7 e4
40. Ra8+ Ke7 41. Ra7+ Kd6 42. Ra6+ Kd5 43. Ra5+ Nc5 44. Ra1 e3 45. Rf1 Rxf1+
46. Kxf1 Ke4 47. Ke2 Ne6 48. h5 Nf8 49. h6 Nh7 50. Kf1 Kf3 51. Kg1 e2 52. Kh2
e1=Q 1/2-1/2

[Event "Tournoi francophone 003 Groupe C"]
[Site "Skype"]
[Date "????.??.??"]
[Round "8.5"]
[White "Holtz, Steve"]
[Black "Martin, Jean-Claude"]
[Result "0-1"]
[WhiteElo "1609"]
[BlackElo "1440"]
[PlyCount "48"]

1. d4 e5 2. dxe5 Nc6 3. Nf3 Qe7 4. a3 Nxe5 5. e3 Nf6 6. Nc3 Nxf3+ 7. Qxf3 c6 8.
e4 d5 9. Bd3 Bg4 10. Qf4 dxe4 11. Nxe4 Nxe4 12. Bxe4 f5 13. O-O Qxe4 14. Qd2
Rd8 15. Re1 Rxd2 16. Bxd2 Be7 17. Rxe4 fxe4 18. Re1 Bf5 19. g4 Bg6 20. b4 O-O
21. f3 Rxf3 22. Rd1 h6 23. Bc1 e3 24. Re1 Bh4 0-1

[Event "Tournoi francophone 003 Groupe C"]
[Site "Skype"]
[Date "????.??.??"]
[Round "9.1"]
[White "Martin, Jean-Claude"]
[Black "Talbot, Jacques"]
[Result "1-0"]
[WhiteElo "1440"]
[BlackElo "1525"]
[PlyCount "35"]

1. d4 d5 2. c4 e6 3. Nc3 Nf6 4. Bg5 Be7 5. e3 c6 6. Nf3 Nbd7 7. Bd3 dxc4 8.
Bxc4 O-O 9. O-O Nb6 10. b3 Nxc4 11. bxc4 Nd5 12. Bxe7 Nxe7 13. h3 Ng6 14. c5
Re8 15. Ne4 e5 16. dxe5 Nxe5 17. Nxe5 Rxe5 18. Qxd8+ 1-0

[Event "Tournoi francophone 003 Groupe C"]
[Site "Skype"]
[Date "????.??.??"]
[Round "9.2"]
[White "Coruble, Didier"]
[Black "Holtz, Steve"]
[Result "1-0"]
[WhiteElo "1505"]
[BlackElo "1609"]
[PlyCount "79"]

1. b4 e5 2. b5 d5 3. Bb2 Nd7 4. d4 e4 5. e3 Ngf6 6. h3 a6 7. a4 Be7 8. c3 O-O
9. Nd2 axb5 10. axb5 Rxa1 11. Bxa1 c6 12. Qa4 c5 13. Nb3 Nb6 14. Qa5 cxd4 15.
cxd4 Bd6 16. g4 Nfd7 17. Ne2 Qe7 18. Bc3 Nc4 19. Qa1 Na3 20. Kd1 Nxb5 21. Bb2
Ba3 22. Ng3 Qb4 23. Bxb5 Qxb3+ 24. Kc1 Bxb2+ 25. Qxb2 Qxb2+ 26. Kxb2 Nb6 27.
Nf5 Bxf5 28. gxf5 Rc8 29. Kb3 Nc4 30. Rd1 Nd6 31. Be2 Rc7 32. Rg1 Nxf5 33. Rg5
Ne7 34. Re5 g6 35. f4 Nf5 36. Rxd5 Nxe3 37. Rd8+ Kg7 38. d5 Rc2 39. Bb5 Nf5 40.
Kxc2 1-0

[Event "Tournoi francophone 003 Groupe C"]
[Site "Skype"]
[Date "????.??.??"]
[Round "9.3"]
[White "Rodriguez, Nathalie"]
[Black "Bousbia, Amine"]
[Result "0-1"]
[WhiteElo "1385"]
[BlackElo "1513"]
[PlyCount "30"]

1. d4 Nf6 2. Nc3 e6 3. Bf4 Bb4 4. a3 Bxc3+ 5. bxc3 O-O 6. e3 Ne4 7. Qd3 d5 8.
h3 Qh4 9. Nf3 Qxf2+ 10. Kd1 b6 11. Be2 Ba6 12. c4 Bxc4 13. Qxc4 dxc4 14. Bxc7
Qxe3 15. Re1 Nc3# 0-1

[Event "Tournoi francophone 003 Groupe C"]
[Site "Skype"]
[Date "????.??.??"]
[Round "9.4"]
[White "L'Herbon De Lussats, Jean"]
[Black "Gabriele, Noel"]
[Result "1-0"]
[WhiteElo "1374"]
[BlackElo "1373"]
[PlyCount "31"]

1. e4 e5 2. c4 Nf6 3. Nf3 Nc6 4. d4 exd4 5. Nxd4 d6 6. Be3 Be7 7. Bd3 O-O 8.
O-O Ne5 9. Nc3 Nfg4 10. Nf5 Bh4 11. g3 Bg5 12. Bxg5 Qxg5 13. f4 Qg6 14. fxe5
Nxe5 15. Nd5 c6 16. Nde7+ 1-0

[Event "Tournoi francophone 003 Groupe C"]
[Site "Skype"]
[Date "????.??.??"]
[Round "9.5"]
[White "Dubois, Real"]
[Black "Hargez, Dany"]
[Result "0-1"]
[WhiteElo "1409"]
[BlackElo "1384"]
[PlyCount "164"]

1. d4 d5 2. Nf3 Bf5 3. c3 c6 4. Nbd2 e6 5. e3 Nf6 6. Be2 Nbd7 7. Nb3 Bd6 8. Bd3
Be4 9. O-O Qc7 10. Kh1 Bxf3 11. Qxf3 h5 12. h3 g5 13. g3 g4 14. Qg2 gxh3 15.
Qxh3 O-O-O 16. f4 Ng4 17. Kg1 Ngf6 18. Kg2 h4 19. g4 Rdg8 20. g5 Nh5 21. Bd2 f6
22. g6 f5 23. Be1 Rxg6+ 24. Kf3 Nxf4 25. exf4 Bxf4 26. Rh1 Bg3 27. Bxg3 Rxg3+
28. Qxg3 Qxg3+ 29. Ke2 Qg2+ 30. Ke3 Qg3+ 31. Ke2 f4 32. Rag1 f3+ 33. Kf1 Qf4
34. Kf2 Nf6 35. Nc5 Ng4+ 36. Rxg4 Qxg4 37. Rg1 Qh5 38. Bg6 Qh6 39. Nxe6 Qd2+
40. Kxf3 Rg8 41. Nf4 Kb8 42. Rg2 Qd1+ 43. Re2 Qh1+ 44. Kf2 h3 45. Nxh3 Qxh3 46.
Bf5 Qg2+ 47. Ke1 Re8 48. Rxe8+ Kc7 49. Re2 Qg3+ 50. Kd2 Qf4+ 51. Re3 Qxf5 52.
a4 Qb1 53. b4 Qa2+ 54. Kd3 Qxa4 55. Re7+ Kb6 56. Re1 a5 57. Rb1 Qb5+ 58. Kd2
axb4 59. Rxb4 Qxb4 60. cxb4 Kb5 61. Kc3 Ka4 62. b5 Kxb5 63. Kb3 b6 64. Kc3 c5
65. dxc5 bxc5 66. Kd3 Kb4 67. Kd2 Kc4 68. Kc2 d4 69. Kd2 d3 70. Kc1 Kc3 71. Kd1
d2 72. Ke2 Kc2 73. Ke3 d1=Q 74. Ke4 Qd4+ 75. Kf3 c4 76. Ke2 Qd3+ 77. Kf2 c3 78.
Ke1 Kb2 79. Kf2 c2 80. Kg2 c1=Q 81. Kf2 Qcc2+ 82. Ke1 Qdd1# 0-1